| 000 | 01532nam a2200313Ia 4500 | ||
|---|---|---|---|
| 001 | ebr10274061 | ||
| 003 | CaPaEBR | ||
| 006 | m u | ||
| 007 | cr cn||||||||| | ||
| 008 | 090204s2009 dcua sb 100 0 eng d | ||
| 020 | _z0309127998 (pbk.) | ||
| 020 | _z9780309127998 (pbk.) | ||
| 040 |
_aCaPaEBR _cCaPaEBR |
||
| 035 | _a(OCoLC)639931509 | ||
| 050 | 1 | 4 |
_aLB1028 _b.N38 2009eb |
| 110 | 2 |
_aNational Research Council (U.S.). _bCommittee on National Statistics. |
|
| 245 | 1 | 0 |
_aProtecting student records and facilitating education research _h[electronic resource] : _ba workshop summary / _cMargaret Hilton, rapporteur ; Committee on National Statistics, Center for Education, Division of Behavioral and Social Sciences and Education, National Research Council of the Academies. |
| 260 |
_aWashington, D.C. : _bNational Academies Press, _cc2009. |
||
| 300 |
_aix, 95 p. : _bill. |
||
| 504 | _aIncludes bibliographical references. | ||
| 533 |
_aElectronic reproduction. _bPalo Alto, Calif. : _cebrary, _d2009. _nAvailable via World Wide Web. _nAccess may be limited to ebrary affiliated libraries. |
||
| 650 | 0 |
_aEducation _xResearch _zUnited States _vCongresses. |
|
| 650 | 0 |
_aPrivacy, Right of _zUnited States _vCongresses. |
|
| 650 | 0 |
_aStudent records _zUnited States _vCongresses. |
|
| 655 | 7 |
_aElectronic books. _2local |
|
| 700 | 1 | _aHilton, Margaret L. | |
| 710 | 2 | _aebrary, Inc. | |
| 856 | 4 | 0 |
_uhttp://site.ebrary.com/lib/rucke/Doc?id=10274061 _zAn electronic book accessible through the World Wide Web; click to view |
| 999 |
_c6467 _d6467 |
||